000 00528nam a22001937a 4500
003 OSt
005 20151116124747.0
008 151116b xxu||||| |||| 00| 0 eng d
020 _a0071054804
040 _cDLMN.
082 _aWY161 R259m1999.
100 _aReeves,J.Charlene;Roux,Gayle;Lockhart,Robin.
_96169
245 _aMedical-Surgical Nursing.
260 _aNew york;
_bMcGraw-Hill,
_c1999.
300 _avi,630p;
_bcol,ill;
_c42cm.
504 _aincludes index.
650 _aSurgical-Nursing.
_96069
942 _2z
_cSLOAN
999 _c2574
_d2574